00636pam a2200169 a 4500020002000000041000800020082001600028100001800044245010600062260004400168300000900212653003300221700001900254930000900273999001700282952016700299 a9780309052825c aeng a660.62bRUD aRudolph, F B. aBiotechnology : Science, Engineering, and Ethical Challenges for the 21 st CenturyhTextual Documents aWashington:bJoseph Henry Press,c1996. a278. aBiotechnology/Bioengineering aMcintire, L V. a2422 c75705d75705 001040708ReferenceaPCPbPCPd1998-10-08eResearchco Books & Periodicals Pvt. Ltd.g1827.00l0o660.62 RUDpPCP-HRD-240r2023-02-24 00:00:00t1w2023-02-24yBK